Historia de la civilización española (Record no. 166019)

MARC details
000 -LEADER
campo de control de longitud fija 00966nam a2200241 i 4500
001 - NÚMERO DE CONTROL
campo de control 166019
003 - IDENTIFICADOR DE NÚMERO DE CONTROL
campo de control ES-MaACL
005 - FECHA Y HORA DE LA ÚLTIMA TRANSACCIÓN
campo de control 20251005063131.0
008 - DATOS DE LONGITUD FIJA--INFORMACIÓN GENERAL
campo de control de longitud fija 950111s1840 sp |||| | spa d
040 ## - FUENTE DE CATALOGACIÓN
Centro catalogador/agencia de origen AS
Lengua de catalogación spa
100 1# - ENTRADA PRINCIPAL--NOMBRE DE PERSONA
Nombre de persona Tapia, Eugenio de,
Fechas asociadas al nombre 1776-1860
9 (RLIN) 162879
245 10 - MENCIÓN DEL TÍTULO
Título Historia de la civilización española
Resto del título : desde la invasión de los árabes hasta la época presente /
Mención de responsabilidad, etc. por Eugenio de Tapia.
260 ## - PUBLICACIÓN, DISTRIBUCIÓN, ETC.
Lugar de publicación, distribución, etc. Madrid :
Nombre del editor, distribuidor, etc. [s.n.],
Fecha de publicación, distribución, etc. 1840 (
Fabricante Imp. de Yenes)
300 ## - DESCRIPCIÓN FÍSICA
Extensión 4 v. ;
Dimensiones 18 cm.
596 ## - NOTA AL PIE DE IMPRENTA
NOTA AL PIE DE IMPRENTA En v. de port. de v. II-III consta: "Se vende en las librerías de Cuesta, Pérez y Ríos"
597 ## - NOTA DE DESCRIPCIÓN FÍSICA
NOTA DE DESCRIPCIÓN FÍSICA v. I (286 p.) - v. II (346 p.) - v. III (195 [i.e. 295] p.) - v. IV (403 p.)
597 ## - NOTA DE DESCRIPCIÓN FÍSICA
NOTA DE DESCRIPCIÓN FÍSICA Error de pag. en v. III, de p. 294 pasa a p. 195.
650 #4 - PUNTO DE ACCESO ADICIONAL DE MATERIA--TÉRMINO DE MATERIA
Término de materia o nombre geográfico como elemento de entrada España-
Subdivisión general Civilización.
9 (RLIN) 198370
700 1# - ENTRADA AGREGADA--NOMBRE PERSONAL
Nombre de persona Yenes.
9 (RLIN) 133988
752 ## - ENTRADA AGREGADA--NOMBRE JERÁRQUICO DEL LUGAR
País o entidad superior España -
Ciudad Madrid
852 ## - LOCALIZACIÓN
Ubicación ES-MaACL
Número de control de estantería F-12093-94
Nota libre - Enc. hol.
Holdings
Estatus retirado Estado de pérdida Estado de daño No para préstamo Colección Biblioteca de origen Biblioteca actual Ubicación en estantería Fecha de adquisición Total de préstamos Signatura topográfica completa Código de barras Visto por última vez Precio de reemplazo Tipo de ítem Koha
        Libros del s. XIX Biblioteca del Ateneo de Madrid Biblioteca del Ateneo de Madrid Sala Pecera Planta 2 17/01/2008   F-12093-94 1174109 23/02/2023 23/02/2023 Libro impreso antiguo